000 00510nam a2200205Ia 4500
005 20250506172823.0
008 008 250505s9999 xx 000 0 eng d
020 _a9788131609453
037 _aTB
040 _aILCL
_beng
_cILCL
041 _aeng
_2eng
082 _qILCL
100 _aSharma, Subhash
245 0 _aHuman Rights:text and context
260 _aDelhi
_bRawat Publications
_c2018
300 _ax,262p.
365 _aINR
942 _cTB
_2Colon Classification
999 _c1312132
_d1312132